000
00289cam a2200109ua 4500
082
_a
574.5076
_b
TYA/UG
100
_a
Tyagi, Anil .
_9
1559
245
_a
UGC NET/SLET: Environmental science /
260
_a
New Delhi :
_b
Danika Publishing Company ,
_c
2007.
300
_a
472 ; .
942
_c
REF
999
_c
13382
_d
13382